Fußball-Regionalligen in Deutschland 20/21 - Statistiken

Allgemein
  • Dieses Quiz wurde 222 mal gespielt
  • Das Durchschnittsergebnis liegt bei 44 aus 102
Antwortstatistiken
Verein % Korrekt
Rot-Weiss Essen
77%
Borussia Dortmund II
75%
Viktoria Aschaffenburg
74%
1. FC Lokomotive Leipzig
72%
BSG Chemie Leipzig
71%
Werder Bremen II
71%
1. FC Nürnberg II
70%
VfB Stuttgart II
70%
1. FC Köln II
69%
FC Carl Zeiss Jena
69%
SC Freiburg II
68%
1. FSV Mainz 05 II
67%
Alemannia Aachen
67%
Energie Cottbus
67%
FC Schalke 04 II
67%
TSV Schott Mainz
67%
Hannover 96 II
66%
FSV Frankfurt
65%
Holstein Kiel II
65%
SpVgg Bayreuth
64%
SpVgg Greuther Fürth II
64%
Hamburger SV II
62%
Preußen Münster
62%
SSV Ulm 1846
62%
Rot-Weiß Oberhausen
61%
Borussia Mönchengladbach II
60%
FC Augsburg II
59%
Fortuna Düsseldorf II
58%
Hertha BSC II
58%
Kickers Offenbach
58%
FC Viktoria 1899 Berlin
57%
VfB Oldenburg
57%
FC St. Pauli II
56%
SC Weiche Flensburg 08
56%
1. FC Schweinfurt
55%
BFC Dynamo
55%
VfL Wolfsburg II
55%
1. FC Phönix Lübeck
54%
SV Elversberg
53%
TSG 1899 Hoffenheim II
52%
FC 08 Homburg
51%
Wuppertaler SV
49%
SV Babelsberg 03
48%
Rot-Weiß Koblenz
47%
Bonner SC
46%
KSV Hessen Kassel
46%
SC Fortuna Köln
45%
Berliner AK 07
44%
Sportfreunde Lotte
43%
VfR Aalen
43%
SV Rödinghausen
42%
Tennis Borussia Berlin
42%
Wacker Burghausen
42%
SG Sonnenhof Großaspach
40%
VSG Altglienicke
40%
FC Memmingen
39%
Rot Weiss Ahlen
39%
TSV 1860 Rosenheim
37%
FV Illertissen
36%
ZFC Meuselwitz
36%
FK Pirmasens
35%
TSV Havelse
34%
Chemnitzer FC
33%
FC Gießen
33%
TSV Steinbach Haiger
32%
Eintracht Norderstedt
30%
SSV Jeddeloh II
30%
VfB Auerbach
30%
Bahlinger SC
29%
FC-Astoria Walldorf
29%
SV Atlas Delmenhorst
29%
FSV Optik Rathenow
28%
SV Lichtenberg 47
28%
SV Lippstadt 08
28%
TSG Balingen
28%
VfB Germania Halberstadt
28%
FSV Union Fürstenwalde
26%
SC Wiedenbrück
26%
SV Drochtersen/Assel
26%
VfV 06 Hildesheim
26%
Altona 93
25%
Lüneburger SK Hansa
25%
FSV 63 Luckenwalde
24%
FC Bayern Alzenau
23%
TSV Eintracht Stadtallendorf
23%
FC Oberneuland
21%
SV Straelen
21%
BSV Rehden
20%
FC Teutonia 05 Ottensen
20%
FC Wegberg-Beeck
20%
TSV 1896 Rain
20%
TSV Buchbach
20%
VfB Eichstätt
20%
VfB Homberg
20%
Bischofswerdaer FV 08
18%
SV Schalding-Heining
18%
VfR Garching
17%
Heider SV
16%
SV Heimstetten
15%
TSV Aubstadt
15%
SV Bergisch Gladbach 09
13%
HSC Hannover
12%
Keine übereinstimmenden Quizze gefunden
Verteilung der Resultate
Anzahl Personen mit jedem Resultat
Perzentil nach korrekt beantworteten Fragen
Ihre Resultats-Entwicklung
Sie haben dieses Quiz noch nicht gespielt